| 000 | 00465 a2200169 4500 | ||
|---|---|---|---|
| 041 | _aEng. | ||
| 082 | _aCD5584 | ||
| 100 | _aDawadi, Hari Sharan | ||
| 245 | _aThe effectiveness of visual material in reading comprehension | ||
| 260 |
_aKathmandu _c2010 |
||
| 502 |
_aDissertation _bDegree in Education _cT.U. _d2010 |
||
| 650 | _aVisual materials | ||
| 650 | _aReading comprehension | ||
| 650 | _aReading skill | ||
| 653 | _aEnglish language | ||
| 942 |
_2ddc _cVM |
||
| 999 |
_c61241 _d61229 |
||